000 00352nam a2200133Ia 4500
008 240624s9999 xx 000 0 und d
041 _aeng
082 _a332.642 PAU
100 _aPAULOS JOHN ALLEN
245 _aMATHEMATICIAN PLAYS THE STOCK MARKET
260 _c2003
_aNew York
_bBasic Books
300 _aviii, : 216 : p. : cm. ; 20
365 _c
_b28
999 _c21327
_d21327